000 00523nam a22001937a 4500
003 MPLRDC
005 20220104154630.0
008 210129b ||||| |||| 00| 0 eng d
020 _a957-730-020-0
082 _a296.1 ROBE
100 _aJANE ROBERTS原著
245 _a塞思秘件
_c裘雯译
250 _a初版
260 _a台湾
_b桂冠图书股份有限公司
_c1998
300 _b
490 _a桂冠另类心理学丛书
650 _a通灵术; 心灵术--通灵、观灵
942 _cBK
_o296.1 ROBE
999 _c54085
_d54075